Normal view
MARC view
- Rodríguez, Luis
Entry Personal Name
001 - CONTROL NUMBER
- control field: 115569
003 - CONTROL NUMBER IDENTIFIER
- control field: NUST
005 - DATE AND TIME OF LATEST TRANSACTION
- control field: 20230912165422.0
008 - FIXED-LENGTH DATA ELEMENTS
- fixed length control field: 230912|| aca||aabn | a|a d
040 ## - CATALOGING SOURCE
- Original cataloging agency: NUST
- Transcribing agency: NUST
100 ## - HEADING--PERSONAL NAME
- Personal name: Rodríguez, Luis
670 ## - SOURCE DATA FOUND
- Source citation: Work cat.: (NUST): Rodríguez, Luis., Designing and building mini and micro hydropower schemes :, 2011
